000 00235nam a2200085Ia 4500
008 170620s9999 xx 000 0 und d
100 _aBasha- S. A. Salim
245 0 _aMethods of Teaching Geography
260 _bNew Delhi- Discovery Publishing House
260 _c2004
999 _c24460
_d24460